| 000 | 00687nam a22001937a 4500 | ||
|---|---|---|---|
| 999 |
_c9547 _d9547 |
||
| 003 | OSt | ||
| 005 | 20180319122843.0 | ||
| 008 | 180319b1967 bg ||||| |||| 00| 0 ben d | ||
| 035 | _a(BD-JhCC) | ||
| 040 |
_aBD-JhCC _dBD-JhCC |
||
| 041 | _aeng | ||
| 100 | _aকাসেম, প্রিন্সিপাল আবুল কাশেম | ||
| 245 |
_aইসলামী রাষ্ট্রনীতি / _cপ্রিন্সিপাল আবুল কাশেম কাসেম |
||
| 260 |
_aঢাকা : _bপাকিস্তান তমদদুন মজলিস _c1967. |
||
| 300 |
_a123 p. : _c21 cm. |
||
| 650 | _aIslamic Law | ||
| 942 |
_2ddc _cBK |
||